000 00804nac a2200265 a 4500
003 CO-PeBPM
005 20250624180121.0
007 ta
008 250624s ck a|||| |||| 00| 0 spa d
020 _aISBN: 9788496646902
040 _aCO-PeBPM
_bspa
_cCO-PeBPM
_erda
041 _aspa
082 0 4 _a(i) 843 P645s
_222
100 1 0 _aPin, Isabel
_eautora
245 1 0 _aSi yo fuera un león
_c/ Isabel Pin
250 _aSexta edición
260 _a[Madrid], España
_b : Lóguez
_c, 2021
300 _a[22] páginas
_bilustraciones a color
_c27,5 centímetros
490 _aPequeñológuez
521 _aDesde 2 años
650 1 4 _aCuentos infantiles franceses
_2LEMB
650 1 4 _a Libros ilustrados para niños
_2LEMB
650 1 4 _aLiteratura infantil francesa
_2LEMB
942 _2ddc
_cLITA
_n0
999 _c60952
_d60952